A 60-as évek reformjai és reformtervei Magyaror szágon és Csehszlovákiában
Paralely a protiklady medzi reformami v Maďarsku a Československu.
Enregistré dans:
| Auteur principal: | |
|---|---|
| Autres auteurs: | |
| Format: | Chapitre de livre |
| Langue: | hongrois |
| Sujets: | |
| Tags: |
Pas de tags, Soyez le premier à ajouter un tag!
|
MARC
| LEADER | 00000naa a2200000 4500 | ||
|---|---|---|---|
| 001 | 0292204 | ||
| 005 | 20240502083946.2 | ||
| 041 | 0 | |a hun | |
| 044 | |a HU | ||
| 245 | 1 | 0 | |a A 60-as évek reformjai és reformtervei Magyaror szágon és Csehszlovákiában |c János Honvári, Zsolt Horbulák |
| 520 | |a Paralely a protiklady medzi reformami v Maďarsku a Československu. | ||
| 610 | 2 | 0 | |a reformy hospodárske |
| 610 | 2 | 0 | |a politika |
| 610 | 2 | 0 | |a Maďarsko |
| 610 | 2 | 0 | |a Československo |
| 100 | 1 | |a Honvári, János | |
| 700 | 1 | |a Horbulák, Zsolt, 1972- | |